000 00630nam a2200217Ia 4500
005 20241129111140.0
008 241129s9999||||xx |||||||||||||| ||und||
020 _a978-93-5435-922-4
037 _aTB
040 _aCRL
_beng
_cCRL
041 _aeng
_2eng
084 _aA0aΔ2 Q7
_qCRL
100 _aSheldrake Rupert Au.
_9723481
245 0 _aScience and spiritual practices: reconnecting through direct experience
_cSheldrake Rupert Au.
260 _aLondon, UK
_bCoronet
_c2017
300 _a247p.
365 _aUKP
_b9.99
650 _aNatural Science
942 _cTB
_hA0aΔ2 Q7
999 _c1229147
_d1229147